Reference book on computer aided design laboratory : (Record no. 78118)

MARC details
000 -LEADER
fixed length control field 00645nam a22001817a 4500
005 - DATE AND TIME OF LATEST TRANSACTION
control field 20130726172236.0
008 - FIXED-LENGTH DATA ELEMENTS--GENERAL INFORMATION
fixed length control field 130726b xxu||||| |||| 00| 0 eng d
020 ## - INTERNATIONAL STANDARD BOOK NUMBER
International Standard Book Number 9788131806012
Terms of availability 150.00
035 ## - SYSTEM CONTROL NUMBER
System control number Meeting 24.7.13
040 ## - CATALOGING SOURCE
Original cataloging agency DPL
100 ## - MAIN ENTRY--PERSONAL NAME
Personal name Prakash, M. N. Shesha
245 ## - TITLE STATEMENT
Title Reference book on computer aided design laboratory :
Remainder of title (civil engineering) /
Statement of responsibility, etc by M.N,. Shesha Prakash [and] G.S. Suresh
260 ## - PUBLICATION, DISTRIBUTION, ETC. (IMPRINT)
Place of publication, distribution, etc New Delhi
Name of publisher, distributor, etc University Science Press
Date of publication, distribution, etc 2013
270 ## - ADDRESS
Address 113, Golden House, Daryaganj
City New Delhi
Postal code 110002
300 ## - PHYSICAL DESCRIPTION
Extent 167p.
Dimensions 24cm(pbk)
Accompanying material 1 CD-ROM
500 ## - GENERAL NOTE
General note Includes bibliographical reference
942 ## - ADDED ENTRY ELEMENTS (KOHA)
Source of classification or shelving scheme Dewey Decimal Classification
Item type English Books
Call number suffix PRA

No items available.


© Delhi Public Library
Hit Counter
free hit counter